| 000 | 00840nam a2200253Ia 4500 | ||
|---|---|---|---|
| 003 | OSt | ||
| 005 | 20220927110353.0 | ||
| 006 | a|||||r|||| 00| 0 | ||
| 007 | ta | ||
| 008 | 220926b |||||||| |||| 00| 0 eng d | ||
| 024 | _a60153 | ||
| 037 | _cReports | ||
| 040 |
_aRTL _cRTL _beng |
||
| 041 |
_2eng _aeng |
||
| 082 | _a"X62:(Z,985).2.N72t, L5/GD" | ||
| 110 |
_aIndia Government of... Banking laws (Committee)(1972)(Cairman P V Rajamannar) _9376914 |
||
| 245 | 0 | _aReport onnegotiable instruments law | |
| 260 |
_aDelhi _bManager of Publication India _c1975 |
||
| 300 |
_a407p. _ccm. |
||
| 650 |
_aBank _9376915 |
||
| 700 |
_aIndia Government of... Banking laws (Committee)(1972)(Cairman P V Rajamannar) _9376916 |
||
| 942 |
_h"X62:(Z,985).2.N72t, L5/GD" _cCC |
||
| 999 |
_c695927 _d695927 |
||